| 000 | 00718nam a2200241Ia 4500 | ||
|---|---|---|---|
| 003 | OSt | ||
| 005 | 20220925231118.0 | ||
| 006 | a|||||r|||| 00| 0 | ||
| 007 | ta | ||
| 008 | 220923b |||||||| |||| 00| 0 eng d | ||
| 037 | _cGeneral Book | ||
| 040 |
_aRTL _cRTL _beng |
||
| 041 |
_2eng _aeng |
||
| 082 | _aT9(Q).2.N7, L2 | ||
| 100 |
_aSodhi T S _9294983 |
||
| 245 | 0 | _aImpact of religious education on personality patte | |
| 260 |
_aLudhiana _bMukund Publications India _c1972 |
||
| 300 |
_axviii,219p. _ccm. |
||
| 500 | _aBib p. 213-19; Appendix p. 153-211 | ||
| 650 |
_aSpecific Group - Education _9233065 |
||
| 942 |
_hT9(Q).2.N7, L2 _cGB _2CC |
||
| 999 |
_c587339 _d587339 |
||